Novel preservative system for natural rubber latex (TAPS) (Record no. 64109)

MARC details
000 -LEADER
fixed length control field 00623nam a2200205Ia 4500
100 ## - MAIN ENTRY--AUTHOR NAME
Personal name Chaikumpollert Oraphin
245 #0 - TITLE STATEMENT
Title Novel preservative system for natural rubber latex (TAPS)
260 ## - PUBLICATION, DISTRIBUTION, ETC. (IMPRINT)
Name of publisher IRRDB International Rubber Conference 14-17 December 2011, Chiang
650 ## - SUBJECT ADDED ENTRY--TOPICAL TERM
Topical Term NR latex
650 ## - SUBJECT ADDED ENTRY--TOPICAL TERM
Topical Term Preservative system
650 ## - SUBJECT ADDED ENTRY--TOPICAL TERM
Topical Term TAPS
700 ## - ADDED ENTRY--PERSONAL NAME
Personal name
700 ## - ADDED ENTRY--PERSONAL NAME
Personal name Kongkaew Chaveewan
700 ## - ADDED ENTRY--PERSONAL NAME
Personal name Loykulnant Surapich
700 ## - ADDED ENTRY--PERSONAL NAME
Personal name Moonprasith Nantina
700 ## - ADDED ENTRY--PERSONAL NAME
Personal name Sa-nguanthammarong Promsak
700 ## - ADDED ENTRY--PERSONAL NAME
Personal name Suwandittakul Piyada
942 ## - ADDED ENTRY ELEMENTS (KOHA)
Koha item type Journals
700 ## - ADDED ENTRY--PERSONAL NAME
-- itboon Sopita
Holdings
Withdrawn status Lost status Damaged status Not for loan Home library Current library Shelving location Date acquired Koha item type
      Journals RRII Library RRII Library Rubber technology 27/09/2013 Journals